000 00478nam a2200169Ia 4500
003 GCL
008 140319s9999 xx 000 0 eng d
040 _aGCL /
_cGCL
082 0 4 _a621.3815
_bN P
100 1 _aNOCETTI, D. FABIAN GARCIA
245 1 0 _aPARALLEL PROCESSING IN DIGITAL CONTROL /
_cNOCETTI, D. FABIAN GARCIA
700 1 _aFLEMING, PETER J.
260 _a[S.N] :
_bMACMILLAN PUBLISHING COMPANY ،
_c1992
300 _a145 P
650 0 4 _aDIGITAL
942 _2ddc
_cBK
999 _c16940
_d16940